| 000 | 00644naa a2200217 i 4500 | ||
|---|---|---|---|
| 001 | 27128 | ||
| 003 | ES-MaBCM | ||
| 005 | 20241016094753.0 | ||
| 008 | 931201s1993 esp 000 0 spa d | ||
| 021 | _axx | ||
| 035 | _a(OCoLC)1293181829 | ||
| 040 | _cES-MaBCM | ||
| 041 | 0 | _aspa | |
| 043 | _aesp | ||
| 100 | 1 |
_aSantos Fernández, Rosa Isabel _942563 |
|
| 245 | 1 | 3 |
_aLa nueva regulación del despido colectivo en Italia _cRosa Isabel Santos Fernández |
| 650 | 2 | 7 |
_aDespido colectivo _958390 |
| 651 | 2 | 4 |
_aItalia _9115380 |
| 773 | 0 |
_aEn: _tRelaciones laborales _dMadrid : 1993 _gn. 22, nov., p. 78-87. - Loc. S.61 _w104507 |
|
| 942 | _cAREV | ||
| 999 |
_c27128 _d27128 |
||